000 00239 a2200097 4500
001 41491
100 _aHornby, A
245 _aOxford advanced learner's Dictionary Current English
260 _aLondon
_bMacmillan
_c
090 _c25652
_d25652
942 _aNUST-CAE
_cM
_c17394
999 _c276564
_d276564